000 00409nam a22001697a 4500
005 20160620164723.0
008 160620b xxu||||| |||| 00| 0 eng d
020 _a978-29-01-317-1547-5
041 _aeng
082 _b8602
100 _aKotler, Philp and Armestrong Gray
_92349
245 _aPriciples of marketing
260 _bPearsen
_c2008
300 _a557
650 _aManagement
_9241
942 _cBK
999 _c3321
_d3320